[Event "Madrid-ch Previa-A"]
[Site "Madrid"]
[Date "2017.02.20"]
[Round "7"]
[White "Ballesteros Jimenez, Miguel Angel"]
[Black "Suarez Mencia, Roberto"]
[Result "1-0"]
[WhiteElo "1592"]
[BlackElo "1454"]
[PlyCount "99"]
[EventDate "2017.02.06"]
[EventType "swiss"]
[EventRounds "9"]
[EventCountry "ESP"]
[SourceTitle "CBM 177 Extra"]
[Source "ChessBase"]
[SourceDate "2017.04.27"]
[SourceVersion "1"]
[SourceVersionDate "2017.04.27"]
[SourceQuality "1"]

1. e4 c5 2. Nf3 Nc6 3. d4 cxd4 4. Nxd4 Nf6 5. Nc3 e5 6. Ndb5 d6 7. Bg5 a6 8. Bxf6 gxf6 9. Na3 b5 10. Nd5 Bg7 11. c4 b4 12. Nc2 a5 13. Be2 0-0 14. 0-0 f5 15. Qd3 f4 16. f3 Rb8 17. b3 Qg5 18. Rfd1 Be6 19. Nc7 Nd4 20. Nxd4 exd4 21. Nb5 Rbd8 22. Nxd4 Kh8 23. Bf1 Bh3 24. Rac1 Rg8 25. Rc2 Rde8 26. Rdd2 f5 27. Nxf5 Bxf5 28. exf5 Bc3 29. Re2 Rxe2 30. Rxe2 Rd8 31. Qd5 Be5 32. Qxa5 Bd4+ 33. Kh1 Be3 34. Qxb4 Qxf5 35. Qc3+ Kg8 36. Qc2 Qf6 37. Re1 Qh4 38. Rd1 Qf6 39. Bd3 Qh4 40. Bf5 Re8 41. Be4 Re5 42. Qe2 Qf6 43. Qd3 Rh5 44. h3 Qh6 45. Qe2 Qf6 46. Rd5 Qa1+ 47. Qd1 Qg7 48. Rxh5 h6 49. Qd5+ Kf8 50. Qxd6+ 1-0

[Event "Madrid-ch Seniors 50"]
[Site "Madrid"]
[Date "2017.01.10"]
[Round "2"]
[White "Ballesteros Jimenez, Miguel Angel"]
[Black "Campos Calvo, Sotelo Juan"]
[Result "0-1"]
[WhiteElo "1585"]
[BlackElo "1896"]
[PlyCount "90"]
[EventDate "2017.01.09"]
[EventType "swiss"]
[EventRounds "9"]
[EventCountry "ESP"]
[SourceTitle "CBM 176 Extra"]
[Source "ChessBase"]
[SourceDate "2017.03.02"]
[SourceVersion "1"]
[SourceVersionDate "2017.03.02"]
[SourceQuality "1"]

1. e4 e6 2. d3 d5 3. Nd2 c5 4. Ngf3 Nc6 5. g3 Nf6 6. Bg2 Be7 7. 0-0 Bd7 8. e5 Ng4 9. Re1 Qc7 10. Qe2 h5 11. h3 Nh6 12. h4 Nf5 13. Nf1 0-0-0 14. Bf4 Qb6 15. c3 Rdg8 16. a3 f6 17. exf6 gxf6 18. b4 e5 19. Bd2 cxb4 20. cxb4 Kb8 21. Rec1 Ncd4 22. Nxd4 Nxd4 23. Qd1 Bg4 24. Qa4 Ne2+ 25. Kh1 Nxc1 26. Rxc1 d4 27. f4 Rc8 28. Re1 Bd6 29. Qb3 exf4 30. gxf4 Rhe8 31. Rxe8 Rxe8 32. Qd5 Qc6 33. Qxd4 Bf3 34. Ne3 Rxe3 35. Bxe3 Bxg2+ 36. Kh2 Bf1 37. Qb2 Qf3 38. Qd2 f5 39. Kg1 Be7 40. Qf2 Qxf2+ 41. Bxf2 Bxd3 42. Kg2 b5 43. Kf3 Bf6 44. Ke3 Bc4 45. Kd2 Bb2 0-1

[Event "Madrid Los Angeles op 10th"]
[Site "Madrid"]
[Date "2016.05.15"]
[Round "6"]
[White "De Pablo Pena, Miguel Angel"]
[Black "Ballesteros Jimenez, Miguel Angel"]
[Result "1-0"]
[WhiteElo "1585"]
[BlackElo "1591"]
[PlyCount "109"]
[EventDate "2016.04.03"]
[EventType "swiss"]
[EventRounds "9"]
[EventCountry "ESP"]
[SourceTitle "CBM 172 Extra"]
[Source "ChessBase"]
[SourceDate "2016.06.21"]
[SourceVersion "1"]
[SourceVersionDate "2016.06.21"]
[SourceQuality "1"]

1. c4 Nf6 2. Nc3 e5 3. g3 Bb4 4. Bg2 0-0 5. Nf3 Nc6 6. 0-0 d6 7. d3 Bxc3 8. bxc3 h6 9. Qc2 Be6 10. Nd2 Qd7 11. Ne4 Nh7 12. f4 Bh3 13. e3 Bxg2 14. Qxg2 f5 15. Nd2 Nf6 16. h3 Rae8 17. Rb1 Nd8 18. fxe5 dxe5 19. d4 e4 20. Ba3 Rf7 21. Rb5 g6 22. g4 a6 23. Rb3 fxg4 24. hxg4 Qxg4 25. Rbb1 Qxg2+ 26. Kxg2 Ng4 27. Rbe1 Rxf1 28. Kxf1 Re6 29. Ke2 Nf7 30. Rf1 h5 31. Bc5 b6 32. Ba3 Nd6 33. Bxd6 cxd6 34. d5 Re5 35. Rf4 Rf5 36. Nxe4 Rxf4 37. exf4 Kg7 38. Nxd6 Nf6 39. Kf3 Kf8 40. Nc8 Nd7 41. Nd6 Ke7 42. Ne4 Kf7 43. Kg3 a5 44. Kh4 Nf8 45. c5 bxc5 46. Nxc5 Ke7 47. Ne4 Nd7 48. c4 Nb6 49. d6+ Kd7 50. c5 Na4 51. Kg5 Kc6 52. f5 gxf5 53. Kxf5 Nb2 54. Ke6 Nc4 55. d7 1-0

[Event "Madrid Los Angeles op 10th"]
[Site "Madrid"]
[Date "2016.04.17"]
[Round "3"]
[White "Ballesteros Jimenez, Miguel Angel"]
[Black "Rodriguez Nieto, Miguel Angel"]
[Result "0-1"]
[WhiteElo "1591"]
[BlackElo "1725"]
[PlyCount "52"]
[EventDate "2016.04.03"]
[EventType "swiss"]
[EventRounds "9"]
[EventCountry "ESP"]
[SourceTitle "CBM 172 Extra"]
[Source "ChessBase"]
[SourceDate "2016.06.21"]
[SourceVersion "1"]
[SourceVersionDate "2016.06.21"]
[SourceQuality "1"]

1. e4 c5 2. Nf3 e6 3. d4 cxd4 4. Nxd4 Nc6 5. Be3 a6 6. Nc3 Nf6 7. Qd2 Bb4 8. f3 0-0 9. 0-0-0 d5 10. Nb3 b5 11. Bc5 Bxc5 12. Nxc5 d4 13. Qf2 e5 14. Nb3 Be6 15. Nc5 Qe7 16. Nxe6 Qxe6 17. Nd5 Nxd5 18. exd5 Qxd5 19. b3 Rac8 20. Bd3 Qc5 21. Kb1 Qa3 22. c4 dxc3 23. Rc1 Nd4 24. Rhe1 f6 25. g4 Nxf3 26. Re3 Nd2+ 0-1

[Event "Madrid-ch sf"]
[Site "Madrid"]
[Date "2016.02.09"]
[Round "2"]
[White "Cano Mercado, Francisco Manuel"]
[Black "Ballesteros Jimenez, Miguel Angel"]
[Result "1-0"]
[WhiteElo "1827"]
[BlackElo "1607"]
[PlyCount "74"]
[EventDate "2016.02.08"]
[EventType "swiss"]
[EventRounds "9"]
[EventCountry "ESP"]
[SourceTitle "CBM 171 Extra"]
[Source "ChessBase"]
[SourceDate "2016.04.26"]
[SourceVersion "1"]
[SourceVersionDate "2016.04.26"]
[SourceQuality "1"]

1. e4 d5 2. exd5 Qxd5 3. Nc3 Qd6 4. d4 Nf6 5. Nf3 a6 6. Bd3 b5 7. 0-0 Bb7 8. Bg5 Nbd7 9. Bh4 e6 10. Bg3 Qb6 11. a4 Bd6 12. Bxd6 Qxd6 13. axb5 Ng4 14. Be4 Bxe4 15. Nxe4 Qb6 16. d5 0-0 17. dxe6 Qxe6 18. Neg5 Qf5 19. bxa6 Qb5 20. c4 Qc6 21. Nxh7 Rfd8 22. Qc2 Rxa6 23. Rxa6 Qxa6 24. Nhg5 Qh6 25. Rd1 Ngf6 26. Qf5 Ra8 27. h3 Nb6 28. b3 Rf8 29. c5 Nbd5 30. Rxd5 Nxd5 31. Qxd5 Qf6 32. Qd3 g6 33. Qd4 Qxd4 34. Nxd4 Rd8 35. Nc6 Rd1+ 36. Kh2 Rd2 37. Ne4 f5 1-0

[Event "Madrid-ch sf"]
[Site "Madrid"]
[Date "2016.02.08"]
[Round "1"]
[White "Ballesteros Jimenez, Miguel Angel"]
[Black "Roldan Garcia, Angel"]
[Result "0-1"]
[WhiteElo "1607"]
[BlackElo "1838"]
[PlyCount "144"]
[EventDate "2016.02.08"]
[EventType "swiss"]
[EventRounds "9"]
[EventCountry "ESP"]
[SourceTitle "CBM 171 Extra"]
[Source "ChessBase"]
[SourceDate "2016.04.26"]
[SourceVersion "1"]
[SourceVersionDate "2016.04.26"]
[SourceQuality "1"]

1. e4 c5 2. Nf3 e6 3. d4 cxd4 4. Nxd4 Nc6 5. Nc3 Qc7 6. Be3 a6 7. Qd2 Nf6 8. 0-0-0 Bb4 9. f3 Ne5 10. Nb3 Nc4 11. Bxc4 Qxc4 12. Bd4 Be7 13. g4 d6 14. g5 Nh5 15. f4 0-0 16. Qf2 g6 17. Be3 b5 18. Qf3 Bb7 19. Na5 Qc7 20. Nxb7 Qxb7 21. Rhf1 b4 22. Na4 Qc6 23. b3 Rac8 24. Rd2 Rfd8 25. h4 d5 26. exd5 Rxd5 27. Nb6 Rxd2 28. Qxc6 Rxc6 29. Kxd2 Ng3 30. Re1 Nf5 31. Nc4 Nxh4 32. Kd3 Nf5 33. Bd2 Bc5 34. Ne5 Rd6+ 35. Ke2 Nd4+ 36. Kd1 Nb5 37. Kc1 a5 38. Ng4 Bd4 39. Be3 Bg7 40. Bc5 Rc6 41. Be7 Nc3 42. Bf6 Nxa2+ 43. Kb2 Nc3 44. Bxg7 Kxg7 45. Nf6 Nd5 46. Nxd5 exd5 47. Re5 Rd6 48. Re7 d4 49. Re5 d3 50. cxd3 Rxd3 51. Rxa5 Rf3 52. Kc2 Rxf4 53. Rb5 h5 54. gxh6+ Kxh6 55. Kd3 f5 56. Ke3 Kh5 57. Rb6 Rg4 58. Kf3 Kh4 59. Rb8 Kg5 60. Rb5 Rh4 61. Kg3 Rd4 62. Kf2 Kf4 63. Rb6 g5 64. Rb5 g4 65. Ke2 g3 66. Rb8 Re4+ 67. Kf1 Kf3 68. Rg8 Rd4 69. Ke1 g2 70. Rg5 Re4+ 71. Kd2 f4 72. Kd3 Re1 0-1

[Event "Madrid Codes Memorial 9th"]
[Site "Madrid"]
[Date "2015.04.12"]
[Round "2"]
[White "Ballesteros Jimenez, Miguel Angel"]
[Black "Ortiz Alonso, Carlos"]
[Result "1-0"]
[WhiteElo "1592"]
[BlackElo "1359"]
[PlyCount "49"]
[EventDate "2015.03.29"]
[EventType "swiss"]
[EventRounds "9"]
[EventCountry "ESP"]
[SourceTitle "EXT 2019"]
[Source "ChessBase"]
[SourceDate "2018.10.10"]
[SourceVersion "1"]
[SourceVersionDate "2018.10.10"]
[SourceQuality "1"]

1. e4 c5 2. Nc3 d6 3. f4 g6 4. Nf3 Bg7 5. Bb5+ Bd7 6. 0-0 a6 7. Bxd7+ Nxd7 8. d3 e6 9. d4 cxd4 10. Nxd4 Ne7 11. Nf3 0-0 12. Qxd6 Rc8 13. Qd3 Qc7 14. e5 Rfd8 15. Qe3 Nb6 16. Ng5 Nbd5 17. Nxd5 Rxd5 18. c3 Rcd8 19. Qf2 Rd1 20. Be3 Rxa1 21. Rxa1 Nd5 22. Bd4 Qd7 23. Qh4 h6 24. Ne4 Qc6 25. Qxd8+ 1-0

[Event "Madrid Codes Memorial 8th"]
[Site "Madrid"]
[Date "2014.05.04"]
[Round "6"]
[White "Ballesteros Jimenez, Miguel Angel"]
[Black "Yeves Miquel, Enrique"]
[Result "1/2-1/2"]
[WhiteElo "1609"]
[BlackElo "1742"]
[PlyCount "20"]
[EventDate "2014.03.23"]
[EventType "swiss"]
[EventRounds "9"]
[EventCountry "ESP"]
[SourceTitle "EXT 2019"]
[Source "ChessBase"]
[SourceDate "2018.10.10"]
[SourceVersion "1"]
[SourceVersionDate "2018.10.10"]
[SourceQuality "1"]

1. Nf3 c5 2. c4 Nc6 3. g3 e5 4. Nc3 g6 5. Bg2 Bg7 6. 0-0 Nge7 7. Rb1 d6 8. d3 0-0 9. Bg5 f6 10. Bd2 Be6 1/2-1/2

[Event "Madrid Codes Memorial 8th"]
[Site "Madrid"]
[Date "2014.04.27"]
[Round "5"]
[White "Ballesteros Jimenez, Miguel Angel"]
[Black "Canseco Arenas, Alfonso"]
[Result "1-0"]
[WhiteElo "1609"]
[BlackElo "1737"]
[PlyCount "95"]
[EventDate "2014.03.23"]
[EventType "swiss"]
[EventRounds "9"]
[EventCountry "ESP"]
[SourceTitle "EXT 2015"]
[Source "ChessBase"]
[SourceDate "2014.11.20"]
[SourceVersion "1"]
[SourceVersionDate "2014.11.20"]
[SourceQuality "1"]

1. Nf3 c5 2. c4 Nc6 3. g3 e5 4. Nc3 g6 5. Bg2 Bg7 6. 0-0 Nge7 7. d3 0-0 8. Rb1 d6 9. Bg5 h6 10. Bc1 Kh7 11. a3 f5 12. e3 Be6 13. Nd2 f4 14. b4 fxg3 15. fxg3 Qd7 16. Nde4 Rxf1+ 17. Bxf1 b6 18. Bg2 Rf8 19. Bd2 Nf5 20. Qa4 Nfe7 21. Nb5 d5 22. cxd5 Bxd5 23. bxc5 Bxe4 24. Bxe4 bxc5 25. Nxa7 Qxa7 26. Bxc6 Qxa4 27. Bxa4 Ra8 28. Bb5 Rxa3 29. Bc4 Nf5 30. Rb5 Nd6 31. Rxc5 Nxc4 32. dxc4 Ra2 33. Rd5 Rc2 34. c5 g5 35. Ba5 Kg6 36. Bb6 Kf5 37. Rd1 Ke4 38. Rf1 Kxe3 39. c6+ Kd3 40. c7 e4 41. Re1 Bd4+ 42. Bxd4 Kxd4 43. Rd1+ Ke3 44. Rd7 Kf3 45. Rf7+ Kg4 46. Re7 Kf3 47. Rf7+ Ke2 48. Rf2+ 1-0

[Event "Tres Cantos op 5th"]
[Site "Tres Cantos"]
[Date "2013.06.21"]
[Round "1"]
[White "Ballesteros Jimenez, Miguel Angel"]
[Black "Gonzalez Tedin, Antonio"]
[Result "0-1"]
[WhiteElo "1647"]
[BlackElo "2161"]
[PlyCount "68"]
[EventDate "2013.06.21"]
[EventType "swiss"]
[EventRounds "9"]
[EventCountry "ESP"]
[SourceTitle "EXT 2014"]
[Source "ChessBase"]
[SourceDate "2013.11.20"]
[SourceVersion "1"]
[SourceVersionDate "2013.11.20"]
[SourceQuality "1"]

1. e4 c5 2. Nc3 Nc6 3. f4 g6 4. Nf3 Bg7 5. Bb5 Nd4 6. 0-0 Nxb5 7. Nxb5 d5 8. exd5 a6 9. Nc3 Nf6 10. d4 Nxd5 11. dxc5 Nxc3 12. Qxd8+ Kxd8 13. bxc3 Bxc3 14. Rb1 Kc7 15. Rb3 Bf6 16. Bd2 a5 17. Rfb1 a4 18. Rb5 Ra6 19. Ba5+ Kb8 20. Bb6 Bd7 21. R5b4 Rc8 22. a3 Bc3 23. Re4 e6 24. Ne5 Bc6 25. Re3 Bd4 26. Kf2 f6 27. Nxc6+ Rxc6 28. Rd1 Raxb6 29. Rxd4 Rxc5 30. Rxa4 Rxc2+ 31. Kf3 Rbb2 32. Rxe6 Rf2+ 33. Ke4 Rfe2+ 34. Kd5 Rbd2+ 0-1

[Event "Madrid Codes Memorial 7th"]
[Site "Madrid"]
[Date "2013.04.14"]
[Round "2"]
[White "Ballesteros Jimenez, Miguel Angel"]
[Black "Lopez Ziegler, Juan Jose"]
[Result "1-0"]
[WhiteElo "1672"]
[BlackElo "1515"]
[PlyCount "75"]
[EventDate "2013.04.07"]
[EventType "swiss"]
[EventRounds "9"]
[EventCountry "ESP"]
[SourceTitle "EXT 2014"]
[Source "ChessBase"]
[SourceDate "2013.11.20"]
[SourceVersion "1"]
[SourceVersionDate "2013.11.20"]
[SourceQuality "1"]

1. e4 c5 2. Nc3 e6 3. f4 a6 4. Nf3 b5 5. g3 Bb7 6. d3 d5 7. exd5 b4 8. Ne2 Nf6 9. Bg2 Nxd5 10. 0-0 Qb6 11. Kh1 Nc6 12. Bd2 Nce7 13. Ne5 Nf5 14. Nc4 Qc7 15. Qe1 h5 16. Kg1 h4 17. Qf2 hxg3 18. Nxg3 Nh4 19. Bh1 0-0-0 20. Qe2 g6 21. Qe5 Bd6 22. Nxd6+ Qxd6 23. Ne4 Qb6 24. c4 bxc3 25. bxc3 c4+ 26. d4 Rh5 27. Qg7 Qc7 28. Ng5 Nxc3 29. Qxf7 Rd7 30. Qe8+ Rd8 31. Qxe6+ Rd7 32. Bxc3 Bxh1 33. Qxa6+ Bb7 34. Qb5 Re7 35. Ba5 Qd6 36. Qxc4+ Kb8 37. Bb4 Bd5 38. Qb5+ 1-0

[Event "San Sebastian de los Reyes op 14th"]
[Site "San Sebastian"]
[Date "2012.12.09"]
[Round "9"]
[White "Ballesteros Jimenez, Miguel Angel"]
[Black "Perez Gonzalez, Jesus Miguel"]
[Result "0-1"]
[WhiteElo "1672"]
[BlackElo "1809"]
[PlyCount "138"]
[EventDate "2012.12.01"]
[EventType "swiss"]
[EventRounds "9"]
[EventCountry "ESP"]
[SourceTitle "EXT 2014"]
[Source "ChessBase"]
[SourceDate "2013.11.20"]
[SourceVersion "1"]
[SourceVersionDate "2013.11.20"]
[SourceQuality "1"]

1. e4 g6 2. d4 Bg7 3. Nc3 d6 4. Nf3 Nf6 5. h3 Nbd7 6. Be3 e5 7. dxe5 dxe5 8. Bc4 c6 9. Qe2 b5 10. Bd3 Qa5 11. 0-0 Nh5 12. Bd2 Nf4 13. Bxf4 exf4 14. e5 0-0 15. Rfe1 Re8 16. Qe4 Qc7 17. Nxb5 Qb6 18. Nd6 Re7 19. Nc4 Qc7 20. Qxf4 Nc5 21. Rad1 Nxd3 22. cxd3 Be6 23. b3 c5 24. Ng5 Bxc4 25. dxc4 Bxe5 26. Qf3 Rae8 27. Qd5 Bd4 28. Rxe7 Qxe7 29. Rf1 Rd8 30. Qxf7+ Qxf7 31. Nxf7 Kxf7 32. Re1 Rd6 33. Re2 a5 34. g3 Ra6 35. a4 Rb6 36. Re4 Rxb3 37. Rf4+ Kg7 38. Re4 Rxg3+ 39. Kh2 Rc3 40. Re7+ Kf6 41. Rxh7 Rxc4 42. Ra7 Rxa4 43. Ra6+ Kf5 44. Kg3 Be5+ 45. Kf3 Ra3+ 46. Ke2 g5 47. Rc6 Bd4 48. Ra6 Kf4 49. Rg6 c4 50. Rd6 Ra2+ 51. Kf1 Kf3 52. Ke1 c3 53. Rxd4 Re2+ 54. Kd1 Kxf2 55. Rg4 Re5 56. Rc4 Re3 57. Rc5 Rg3 58. Rxa5 Kg2 59. Kc2 Kxh3 60. Ra8 g4 61. Rh8+ Kg2 62. Re8 Kf2 63. Rh8 Rh3 64. Rf8+ Rf3 65. Rg8 g3 66. Rh8 g2 67. Rh2 Kf1 68. Kd1 g1Q 69. Re2 Rd3+ 0-1

[Event "San Sebastian de los Reyes op 14th"]
[Site "San Sebastian"]
[Date "2012.12.08"]
[Round "8"]
[White "Lopez Ziegler, Carlos"]
[Black "Ballesteros Jimenez, Miguel Angel"]
[Result "1-0"]
[WhiteElo "1910"]
[BlackElo "1672"]
[PlyCount "47"]
[EventDate "2012.12.01"]
[EventType "swiss"]
[EventRounds "9"]
[EventCountry "ESP"]
[SourceTitle "CBM 151 Extra"]
[Source "ChessBase"]
[SourceDate "2012.12.18"]
[SourceVersion "1"]
[SourceVersionDate "2012.12.18"]
[SourceQuality "1"]

1. e4 d5 2. exd5 Qxd5 3. Nc3 Qd6 4. g3 Nf6 5. Bg2 c6 6. Nge2 Bf5 7. d4 e6 8. Bf4 Qb4 9. 0-0 Nbd7 10. Qd2 Nd5 11. a3 Qxb2 12. Nxd5 cxd5 13. Rfb1 Qxc2 14. Qxc2 Bxc2 15. Rxb7 Nb6 16. Nc3 Nc4 17. Nb5 Rc8 18. Nxa7 Rd8 19. Nb5 Bd6 20. Bxd6 Nxd6 21. Nxd6+ Rxd6 22. Rc1 Ba4 23. Rc8+ Rd8 24. Rxd8+ 1-0

[Event "Tres Cantos op 4th"]
[Site "Tres Cantos"]
[Date "2012.06.29"]
[Round "9"]
[White "Ballesteros Jimenez, Miguel Angel"]
[Black "Martin Rodriguez, Jose Luis"]
[Result "1-0"]
[WhiteElo "1672"]
[BlackElo "1449"]
[PlyCount "81"]
[EventDate "2012.06.21"]
[EventType "swiss"]
[EventRounds "9"]
[EventCountry "ESP"]
[SourceTitle "CBM 149 Extra"]
[Source "ChessBase"]
[SourceDate "2012.08.24"]
[SourceVersion "1"]
[SourceVersionDate "2012.08.24"]
[SourceQuality "1"]

1. e4 e6 2. d3 c5 3. Nf3 d5 4. g3 dxe4 5. dxe4 Qxd1+ 6. Kxd1 Nf6 7. Nc3 a6 8. Bg2 Nc6 9. Bf4 Be7 10. Ke2 0-0 11. Rad1 Rd8 12. Na4 b5 13. Nb6 Ra7 14. Rxd8+ Bxd8 15. Nxc8 Rd7 16. Rd1 Rxd1 17. Kxd1 Kf8 18. Nd2 Ke8 19. e5 Nd5 20. Bxd5 exd5 21. Nd6+ Kf8 22. Nb3 g5 23. Be3 d4 24. Bd2 c4 25. Nc5 Nxe5 26. Nxa6 Nf3 27. Bb4 Be7 28. Nxb5 Bxb4 29. Nxb4 Nxh2 30. Nxd4 Ng4 31. Ke2 h5 32. Nf3 f6 33. Nd5 Kf7 34. a4 Ke6 35. Ne3 Nxe3 36. Kxe3 Kd5 37. a5 g4 38. Nh4 Kc5 39. a6 Kb6 40. Kd4 c3 41. Kxc3 1-0

[Event "Tres Cantos op 4th"]
[Site "Tres Cantos"]
[Date "2012.06.28"]
[Round "8"]
[White "De Torres Lopez, Ruben"]
[Black "Ballesteros Jimenez, Miguel Angel"]
[Result "1-0"]
[WhiteElo "1345"]
[BlackElo "1672"]
[PlyCount "81"]
[EventDate "2012.06.21"]
[EventType "swiss"]
[EventRounds "9"]
[EventCountry "ESP"]
[SourceTitle "CBM 149 Extra"]
[Source "ChessBase"]
[SourceDate "2012.08.24"]
[SourceVersion "1"]
[SourceVersionDate "2012.08.24"]
[SourceQuality "1"]

1. f4 g6 2. Nf3 Bg7 3. e3 c5 4. Nc3 Nc6 5. b3 d5 6. Bb5 Qa5 7. Bxc6+ bxc6 8. Bb2 Ba6 9. Na4 Nf6 10. Bc3 Qb5 11. d3 0-0 12. 0-0 Ng4 13. Bxg7 Nxe3 14. Qe1 Nxf1 15. Bxf8 Nxh2 16. Nxh2 Rxf8 17. Qe3 c4 18. dxc4 dxc4 19. Qxa7 cxb3 20. axb3 Qe2 21. Qf2 Qe4 22. Nc5 Qf5 23. Nxa6 Ra8 24. Ra4 Rd8 25. Qc5 Qe6 26. Qe5 Rd1+ 27. Nf1 Qd7 28. Nc5 Qd8 29. Rb4 Rd6 30. Nb7 Qb8 31. Nxd6 Qxb4 32. Qxe7 Qxf4 33. c4 Qd4+ 34. Ne3 Qf4 35. b4 h5 36. b5 cxb5 37. cxb5 h4 38. b6 h3 39. gxh3 Qg3+ 40. Ng2 Qb3 41. Qxf7+ 1-0

[Event "Madrid Codes op 6th"]
[Site "Madrid"]
[Date "2012.05.06"]
[Round "4.11"]
[White "Ballesteros Jimenez, Miguel Angel"]
[Black "Navas Hernando, Oscar"]
[Result "0-1"]
[WhiteElo "1672"]
[BlackElo "1855"]
[PlyCount "60"]
[EventDate "2012.04.15"]
[EventType "swiss"]
[EventRounds "9"]
[EventCountry "ESP"]
[SourceTitle "EXT 2024"]
[Source "ChessBase"]
[SourceDate "2023.10.10"]
[SourceVersion "1"]
[SourceVersionDate "2023.10.10"]
[SourceQuality "1"]

1. e4 c5 2. Nc3 e6 3. f4 d5 4. Bb5+ Nc6 5. Nf3 Nf6 6. Ne5 Qc7 7. exd5 exd5 8. Qe2 Be7 9. 0-0 0-0 10. Nxc6 bxc6 11. Ba4 Bd6 12. d3 Re8 13. Qf2 d4 14. Ne4 Nxe4 15. dxe4 Rxe4 16. Qf3 f5 17. Qh5 Ba6 18. Bb3+ c4 19. Qxf5 Rae8 20. Ba4 c3 21. Bb3+ Kh8 22. Bf7 Bc8 23. Qh5 Bg4 24. Qxg4 Qxf7 25. Qf3 Qc4 26. f5 cxb2 27. Bxb2 Rf4 28. Qd3 Qb4 29. Rxf4 Bxf4 30. Qxd4 Be3+ 0-1

[Event "Madrid Codes Memorial 5th"]
[Site "Madrid"]
[Date "2011.05.08"]
[Round "4"]
[White "Largo Barbero, Benito"]
[Black "Ballesteros Jimenez, Miguel Angel"]
[Result "1-0"]
[WhiteElo "1759"]
[BlackElo "1711"]
[PlyCount "113"]
[EventDate "2011.04.10"]
[EventType "swiss"]
[EventRounds "9"]
[EventCountry "ESP"]
[SourceTitle "EXT 2013"]
[Source "ChessBase"]
[SourceDate "2012.11.22"]
[SourceVersion "1"]
[SourceVersionDate "2012.11.22"]
[SourceQuality "1"]

1. e4 d5 2. e5 Bf5 3. d4 e6 4. c3 c5 5. f4 Nc6 6. Nf3 cxd4 7. cxd4 Bb4+ 8. Nc3 Nge7 9. h3 0-0 10. a3 Ba5 11. Bd3 Bxd3 12. Qxd3 Nf5 13. Bd2 Bb6 14. Ne2 Rc8 15. 0-0 Na5 16. g4 Ne7 17. f5 exf5 18. gxf5 f6 19. e6 Nc4 20. Bc1 Qe8 21. Ng3 Bc7 22. Nh2 Bxg3 23. Qxg3 Qh5 24. Qg4 Qxg4+ 25. hxg4 Nd6 26. Bf4 Ne4 27. Be3 Rc2 28. Rab1 Nd2 29. Bxd2 Rxd2 30. Nf3 Rc2 31. Rfc1 Rfc8 32. Rxc2 Rxc2 33. Ne1 Rc6 34. Kf2 h5 35. Kg3 hxg4 36. Kxg4 g6 37. fxg6 Rxe6 38. Nf3 Nxg6 39. Rg1 Kf7 40. Rc1 Rc6 41. Rxc6 bxc6 42. b4 Ne7 43. Nd2 Ke6 44. Nb3 Kd6 45. Nc5 Kc7 46. a4 Kd6 47. Nb7+ Ke6 48. Nc5+ Kf7 49. Kf4 Nc8 50. Kf5 Nd6+ 51. Kf4 Kg6 52. Ne6 Nf5 53. Nf8+ Kf7 54. Kxf5 Kxf8 55. Kxf6 Ke8 56. Ke6 Kd8 57. Kd6 1-0

[Event "Madrid Codes Memorial 5th"]
[Site "Madrid"]
[Date "2011.05.01"]
[Round "3"]
[White "Ballesteros Jimenez, Miguel Angel"]
[Black "Perez Fernandez, Guillermo"]
[Result "1/2-1/2"]
[WhiteElo "1711"]
[BlackElo "1799"]
[PlyCount "109"]
[EventDate "2011.04.10"]
[EventType "swiss"]
[EventRounds "9"]
[EventCountry "ESP"]
[SourceTitle "EXT 2013"]
[Source "ChessBase"]
[SourceDate "2012.11.22"]
[SourceVersion "1"]
[SourceVersionDate "2012.11.22"]
[SourceQuality "1"]

1. e4 e5 2. Nf3 Nf6 3. Nxe5 d6 4. Nf3 Nxe4 5. Nc3 Nxc3 6. dxc3 Be7 7. Be3 Nc6 8. Qd2 Be6 9. Bb5 0-0 10. Bxc6 bxc6 11. Nd4 Bd7 12. 0-0 Bf6 13. Rfe1 c5 14. Nf3 Bc6 15. Qd1 Rb8 16. Rb1 Qd7 17. Bg5 Bxg5 18. Nxg5 Qf5 19. Nf3 Bxf3 20. gxf3 Rfe8 21. Rxe8+ Rxe8 22. Qd3 Qh3 23. Qb5 Qc8 24. b4 cxb4 25. cxb4 Re5 26. Qd3 Qh3 27. f4 Qxd3 28. cxd3 Rf5 29. Re1 Kf8 30. Re4 a5 31. a3 axb4 32. Rxb4 Ke7 33. Kg2 Rc5 34. Rc4 Rxc4 35. dxc4 Kd7 36. Kf3 Kc6 37. Ke4 Kc5 38. a4 Kb4 39. Kd5 Kxa4 40. Kc6 Kb4 41. Kxc7 Kc5 42. Kd7 h5 43. h4 Kxc4 44. Kxd6 Kd4 45. Ke7 f5 46. Kf7 Ke4 47. Kxg7 Kxf4 48. Kg6 Kg4 49. f4 Kxh4 50. Kxf5 Kg3 51. Kg5 h4 52. f5 h3 53. f6 h2 54. f7 h1Q 55. f8Q 1/2-1/2

[Event "Tres Cantos op 2nd"]
[Site "Tres Cantos"]
[Date "2010.06.26"]
[Round "8"]
[White "Ballesteros Jimenez, Miguel Angel"]
[Black "Benito Mellado, Humberto"]
[Result "1-0"]
[WhiteElo "1709"]
[BlackElo "1648"]
[PlyCount "81"]
[EventDate "2010.06.19"]
[EventType "swiss"]
[EventRounds "9"]
[EventCountry "ESP"]
[SourceTitle "CBM 137 Extra"]
[Source "ChessBase"]
[SourceDate "2010.09.01"]
[SourceVersion "1"]
[SourceVersionDate "2010.09.01"]
[SourceQuality "1"]

1. e4 c5 2. Nc3 a6 3. f4 b5 4. d3 Bb7 5. Nf3 g6 6. g3 Bg7 7. Bg2 e6 8. 0-0 Ne7 9. Ne2 0-0 10. g4 d6 11. Ng3 Nd7 12. Qe2 Rc8 13. c3 Nb6 14. Bd2 Kh8 15. Rae1 Ng8 16. Ng5 h6 17. Nh3 Qd7 18. f5 exf5 19. exf5 Rce8 20. Qf2 Rxe1 21. Rxe1 Nd5 22. Qf3 Ba8 23. Qe2 Be5 24. Qf2 g5 25. Ne4 Ngf6 26. Nxc5 Qc8 27. Ne4 Nxg4 28. Qf3 Nxh2 29. Qh5 Qxf5 30. Qxh6+ Qh7 31. Qxh7+ Kxh7 32. Nhxg5+ Kg6 33. d4 Bg3 34. Nxg3 Ng4 35. Rf1 Ndf6 36. Bxa8 Rxa8 37. N5e4 Nxe4 38. Nxe4 d5 39. Nc5 f5 40. Re1 Nf6 41. Re6 1-0